000 00540nam a2200229Ia 4500
005 20250425162545.0
008 250425s9999 xx 000 0 und d
020 _a093717582X
041 _aeng
043 _axxu
082 _a004.65
100 _aHUNT, CRAIG
245 0 _aTCP/IP: NETWORK ADMINISTRATION
250 _a1ST ED.
260 _aEstados Unidos
_bOREILLY & ASSOCIATES, INC
_c1992
260 _aSEBASTOPOL
300 _a472
650 _aADMINISTRACION DE REDES
650 _aTCP
942 _c01
010 _a85416
999 _c231664
_d231664